| 000 | 00709cab a2200229 4500 | ||
|---|---|---|---|
| 001 | ABS68682 | ||
| 008 | 050120n2004 000 0 eng u | ||
| 035 | _a(Sirsi) u128556 | ||
| 100 | _aCoetzee, L. | ||
| 245 | 3 | _aAn approach to calculate the productive value of farmland | |
| 260 | _c2004 | ||
| 490 |
_aSouth African Valuer _v(80) December 2004, 12-15(4) |
||
| 520 | _aDiscusses the issue of calculating the productive value of farmland in South Africa. | ||
| 590 | _aABS | ||
| 650 | _aFARMLAND VALUATION | ||
| 650 | _aFARMLAND VALUES | ||
| 650 | _aREPUBLIC OF SOUTH AFRICA | ||
| 650 | _aAGRICULTURAL PROPERTY | ||
| 690 | _aRURAL-AGRICULTURE AND FORESTRY | ||
| 700 | _aSteyn, M. | ||
| 942 | _n0 | ||
| 999 |
_c74727 _d74727 |
||